000 01118nam0a22002891 4500
001 rc\2342723
005 20250623081115.0
035 _a(NLR Aleph) 006679540
090 _a5067604
_c5067604
100 _a20110829d1977 |||y0rusy50 ca
101 0 _arus
102 _aRU
105 _ay z |||||
200 1 _aБорьба течений в русской историографии во второй половине XIX века
_fА.Н. Цамутали
_gАН СССР, Ин-т истории СССР, Ленингр. отд-ние
210 _aЛенинград
_cНаука. Ленингр. отд-ние
_d1977
215 _a256 с.
_d22
320 _aУказ. имен: с. 252-255
606 _aРусская историография
_z19 в.
_2rkp
607 _aСССР
_xИстория
_xИсториография
_z19 в.
_2rkp
700 1 _aЦамутали
_bА.Н.
_gАлексей Николаевич
801 0 _aRU
_bNLR
_gpsbo
801 1 _aRU
_bELAR
_2rusmarc
852 _aNLR
_j78-5/734
899 _aRuMoRGB
_jБ 77-11/1112
899 _aRuMoRGB
_jБ 77-11/1113
942 _cBOOK
980 _aNB